• 首页
  • 本馆介绍
  • 公告通知
  • 最新文献
  • 馆藏检索
  • 电子资源
  • 读者导购
  • 参考咨询
  • 我的图书馆
  • 登录
  • 详细信息显示
  • 放入我的书架
  • 预约/预借图书
  • 作者相关作品
  • 分类相关作品
  • 丛书相关作品
  • 出版社相关作品

书目信息

  • 表格格式
  • 工作单格式
  • 卡片格式
题名:
计算机维修实用技术
    
 
作者: 陈国震 主编
分册:  
出版信息: 北京   清华大学出版社  2009
页数: 214页
开本: 26cm
丛书名:
单 册:
中图分类: TP307
科图分类:
主题词: 电子计算机--维修--高等教育--教材 , 电子计算机
电子资源:
ISBN: 978-7-81123-554-8
000 00877nam0 2200253 450
001 012015000158
005 20150914091222.63
010    @a978-7-81123-554-8@dCNY25.00
100    @a20090901d2009 em y0chiy50 ea
101 0  @achi
102    @aCN@b110000
105    @aa z 000yy
106    @ar
200 1  @a计算机维修实用技术@Aji suan ji wei xiu shi yong ji shu@f陈国震主编
210    @a北京@c清华大学出版社@c北京交通大学出版社@d2009
215    @a214页@c图@d26cm
300    @a面向“十二五”高职高专规划教材·计算机系列
330    @a本书涉及计算机主板等板卡的维修技术,主要内容包括认识主板、主板基本电子元件、主板总线插槽及测试点、主板维修工具和方法等。
606 0  @a电子计算机@x维修@x高等教育@j教材
606 0  @a电子计算机
690    @aTP307@v5
701  0 @a陈国震@Achen guo zhen@f(1965~)@4主编
801  0 @aCN@b碧洲教育@c20150716
905    @a10447@f4@dTP307@e592
    
    计算机维修实用技术/陈国震主编.-北京:清华大学出版社:北京交通大学出版社,2009
    214页:图;26cm
    面向“十二五”高职高专规划教材·计算机系列
    
    ISBN 978-7-81123-554-8:CNY25.00
    本书涉及计算机主板等板卡的维修技术,主要内容包括认识主板、主板基本电子元件、主板总线插槽及测试点、主板维修工具和方法等。
●
相关链接 在E读中查询图书 在五车中查询图书 在当当中查询图书 在豆瓣中查询图书


正题名:计算机维修实用技术     索取号:TP307/592         预约/预借

序号 登录号 条形码 馆藏地/架位号 状态 备注
1 0870399   208703991   第二样本阅览室/ [索取号:TP307/592] 在馆    
2 0870400   208704008   第三借阅区/ [索取号:TP307/592] 在馆    
3 0870401   208704017   第三借阅区/ [索取号:TP307/592] 在馆    
4 0870402   208704026   密集书库—计算机科学学院/ [索取号:TP307/592] 在馆    
唐山师范学院图书馆 欢迎您!
大连网信软件有限公司© 版权所有